Science Quiz

Random Science or Astronomy Quiz

Planets in Reverse Alphabetical Order Quiz Stats

 Plays Quiz Updated Mar 23, 2018

Score 0/8 Timer 01:00
1 Play Today
% Correct
???
83.5%
???
81.6%
???
77.7%
???
76.9%
???
76.4%
???
69.9%
???
66.2%
???
63.2%

You're not logged in!

Compare scores with friends on all Sporcle quizzes.
OR
Log In

You Might Also Like...

Show Comments

Extras

Top Quizzes Today


Score Distribution

Your Account Isn't Verified!

In order to create a playlist on Sporcle, you need to verify the email address you used during registration. Go to your Sporcle Settings to finish the process.

Report this User

Report this user for behavior that violates our Community Guidelines.

Details: